000
00296nam a2200121Ia 4500
100
_a
Modani/S/G/ Barapte/R.A
942
_c
BK
654
_a
microwave
245
_a
Microwave and optical commuication
260
_b
Technova Publications
_a
Pune
_c
2001
082
_a
621.3813
_b
MOD
546
_a
ENGLISH
999
_c
17984
_d
17984